000 01476namaa22004091i 4500
003 EG-GICUC
005 20260309090335.0
008 260309s1998 ua ||||jr|||| 000 0 ara d
017 _a1998 / 2821
_bدار الكتب والوثائق القومية (مصر)
020 _a9771800868
040 _aEG-GiCUC
_bara
_cEG-GiCUC
_dEG-GiCUC
_erda
041 _aara
_ager
082 0 4 _221
_a398.2
_bA384
092 0 4 _221
_a398.2
_bA384
099 _a398.2 A384 1998
100 1 _eمؤلف.
245 0 _aألف ليلة وليلة من المبتدأ إلى المنتهى /
246 1 _aألف ليلة وليلة
250 _aالطبعة الثانية
264 _aالقاهرة (مصر) :
_bدار الكتب والوثائق القومية،
_c1998
300 _a؛ 12 مجلد
_c21 سم
336 _2rdacontent
_atext
337 _2rdamedia
_aUnmediated
338 _2rdacarrier
_avolume
490 _aنوادر المطبوعات
500 _aطبعة مصورة عن طبعة برسلاو بتصحيح مكسيميليانوس بن هابخط
500 _aالنص باللغتين العربية والالمانية
504 _a.
541 _aد. جابر عصفور ؛
_bالقاهرة ؛
_cإهداء ؛
_d2024.
630 _aألف ليلة وليلة
650 1 _aالأدب الشعبى
_2qrmak
650 1 _aالفولكلور
_2qrmak
651 1 _2qrmak
700 1 _a
905 _aHuda
942 _2ddc
_cBK
_e21
_n0
999 _c178944
_d178944